Pires pays où être LGBT+ - Asie - Statistiques

Statistiques générales
  • Ce quiz a été pris 340 fois
    133 depuis la dernière actualisation
  • Le résultat moyen est 7 sur 10
Statistiques - réponses
% d'égalités des droits Pays % Correct
5% Iran
87%
13% Irak
83%
1% Afghanistan
81%
8% Yémen
78%
13% Emirats Arabes Unis
76%
10% Qatar
71%
2% Oman
69%
7% Koweït
56%
15% Indonésie
48%
5% Brunei
38%
Aucun quiz correspondant
Distribution des résultats
% des personnes avec chaque résultat
Percentile par nombre de réponses
Votre historique - résultats
Vous n’avez pas pris ce quiz depuis la dernière actualisation